[Event "Rio Tercero CF 60 years"]
[Site "Rio Tercero"]
[Date "2012.04.29"]
[Round "3"]
[White "Lorenzini, Martin"]
[Black "Alvarez, Agustin"]
[Result "1-0"]
[WhiteElo "2475"]
[BlackElo "1817"]
[PlyCount "79"]
[EventDate "2012.04.28"]
[EventType "swiss"]
[EventRounds "9"]
[EventCountry "ARG"]
[SourceTitle "EXT 2013"]
[Source "ChessBase"]
[SourceDate "2012.11.22"]
[SourceVersion "1"]
[SourceVersionDate "2012.11.22"]
[SourceQuality "1"]

1. e4 c5 2. Nf3 e6 3. d4 cxd4 4. Nxd4 a6 5. Nc3 Qc7 6. Be2 b5 7. 0-0 Bb7 8. Bf3 Nc6 9. Nxc6 Bxc6 10. Re1 Bd6 11. g3 Nf6 12. Nd5 Bxd5 13. exd5 Rc8 14. dxe6 dxe6 15. c3 0-0 16. Qe2 Nd7 17. Qe4 Ne5 18. Bg2 Rfd8 19. Bg5 Rd7 20. Rad1 Nc4 21. Bc1 Rcd8 22. Bf3 Qa5 23. a3 Qb6 24. Kg2 Bc5 25. Rxd7 Rxd7 26. Rd1 Rxd1 27. Bxd1 g6 28. Be2 Nd6 29. Qf3 Qa7 30. Bd3 Kg7 31. Bf4 Qe7 32. Qc6 Qb7 33. Qxb7 Nxb7 34. b4 Bd6 35. Bd2 e5 36. c4 bxc4 37. Bxc4 a5 38. bxa5 Bc5 39. Bd5 Nd6 40. Bb4 1-0

[Event "Wch U18"]
[Site "Caldas Novas"]
[Date "2011.11.20"]
[Round "3"]
[White "Oliveira, Fernando Henrique"]
[Black "Alvarez, Agustin"]
[Result "1/2-1/2"]
[WhiteElo "2057"]
[BlackElo "1810"]
[PlyCount "63"]
[EventDate "2011.11.18"]
[EventType "swiss"]
[EventRounds "9"]
[EventCountry "BRA"]
[SourceTitle "EXT 2013"]
[Source "ChessBase"]
[SourceDate "2012.11.22"]
[SourceVersion "1"]
[SourceVersionDate "2012.11.22"]
[SourceQuality "1"]

1. d4 d5 2. Nf3 c6 3. c4 Nf6 4. g3 e6 5. Bg2 Bd6 6. 0-0 0-0 7. Qc2 Re8 8. Rd1 Nbd7 9. Nbd2 Qe7 10. e4 dxe4 11. Nxe4 Nxe4 12. Qxe4 e5 13. dxe5 Nxe5 14. Nxe5 Bxe5 15. Be3 g6 16. Bd4 Bf5 17. Qxe5 Qxe5 18. Bxe5 Rxe5 19. Bf3 Bh3 20. b4 a5 21. a3 axb4 22. axb4 Rxa1 23. Rxa1 Kg7 24. Bg2 Bxg2 25. Kxg2 Re4 26. Ra7 b5 27. c5 Rxb4 28. Rc7 Rc4 29. Rxc6 b4 30. h4 h5 31. Rb6 Rxc5 32. Rxb4 1/2-1/2